Culture Générale - Série 141 - Statistiques

Statistiques générales
  • Ce quiz a été pris 438 fois
  • Le résultat moyen est 7 sur 10
Statistiques - réponses
Question Réponse % Correct
De quelle région de France la flammekueche est-elle une spécialité ? Alsace
92%
De quel pays a fait partie la Bosnie-Herzégovine de 1946 à 1990 ? Yougoslavie
83%
Par qui est tuée "La Chèvre de monsieur Seguin", d'Alphonse Daudet ? Loup
82%
Dans quel pays se trouve Saint-Véran, la commune la plus haute d'Europe ? France
79%
Lors de quel mois du calendrier islamique doit-on pratiquer le jeûne ? Ramadan
65%
De quel jeu de balle britannique le base-ball est-il dérivé ? Cricket
64%
Quelle chanson de Johnny commence par "Quand tes cheveux s'étalent..." ? Que je t'aime
59%
De quel Etat américain la ville de Denver est-elle la capitale ? Colorado
54%
Quelle comique a fait un sketch sur sa fille qui doit épouser un Noir ? Muriel Robin
52%
Quel trio féminin chante "Cruel Summer" en 1983 ? Bananarama
27%
Aucun quiz correspondant
Distribution des résultats
% des personnes avec chaque résultat
Percentile par nombre de réponses
Votre historique - résultats
Vous n’avez pas pris ce quiz